000 00802nam a2200181 a 4500
001 000026818
005 20211025112953.0
008 110325s1972 dr ab 000 0 spa d
040 _aDO-SdBNP
_bspa
_cBNPHU
110 2 _aCorporación Dominicano de Electricidad
_916035
245 1 0 _aEstudio de factibilidad Tavera-Bao para el gobierno dominicano /
_cFrank Richardson.
260 _aSanto Domingo:,
_c1972.
300 _av. ;
_c29 cm.
505 2 _aInforme meteorológico y ciclonogía dominicana -- Informe sobre la estimación de costo proyecto Bao -- Informe sobre la evaluación económica -- Informe sobre el sistema hidrometeorológico -- Informe sobre la operación de la hidroelétrica Tavera.
500 _aLa biblioteca posee el v. 3
700 1 _aRichardson, Frank
_953934
049 _aBNPD
999 _c26310
_d26310